000 00651cam a2200145 4500500
005 20260208002422.0
041 _afre
042 _adc
100 1 0 _aMasset, Claude
_eauthor
245 0 0 _aJean Guilaine, ed., Le Chalcolithique et la construction des inégalités 1. Le continent européen, 2. Proche et Moyen-Orient, Amérique, Afrique, Paris, Errance, 2007, 228 + 136 p., bibl., ill., fig., tabl., cartes, plans (« Hespérides »)
260 _c2009.
500 _a82
786 0 _nL'Homme | 190 | 2 | 2009-05-01 | p. 199u-252u | 0439-4216
856 4 1 _uhttps://shs.cairn.info/revue-l-homme-2009-2-page-199u?lang=fr&redirect-ssocas=7080
999 _c1646264
_d1646264